[Event "Hastings8990"]
[Site "Hastings"]
[Date "1989.??.??"]
[Round "?"]
[White "Jussupow, Artur"]
[Black "Nikolic, Predrag"]
[Result "1/2-1/2"]
[WhiteElo "2610"]
[BlackElo "2600"]

1.d4 d5 2.Nf3 Nf6 3.c4 dxc4 4.Nc3 c6 5.a4 Bg4 6.Ne5 Bh5 7.g3 e6 8.Bg2 Bb4
9.O-O Nd5 10.Qc2 Be7 11.Nxc4 Nb4 12.Qb3 O-O 13.a5 N8a6 14.Rd1 Kh8 15.Bf4 f6
16.Rd2 g5 17.Be3 b5 18.axb6 axb6 19.Qd1 Nd5 20.Rc2 b5 21.Nxd5 cxd5 22.Nd2 Nb4
23.Rcc1 Qd7 24.Nb3 Rxa1 25.Rxa1 Bg6 26.Qd2 Rb8 27.Rc1 Nc6 28.f3  1/2-1/2

[Event "Hastings8990"]
[Site "Hastings"]
[Date "1989.??.??"]
[Round "?"]
[White "Nikolic, Predrag"]
[Black "Adams, Michael"]
[Result "1-0"]
[WhiteElo "2600"]
[BlackElo "2505"]

1.d4 Nf6 2.c4 e6 3.g3 Bb4+ 4.Bd2 Qe7 5.Nf3 Nc6 6.Nc3 d5 7.a3 Bxc3 8.Bxc3 Ne4
9.Qc2 O-O 10.Bg2 Rd8 11.O-O a5 12.b3 Nxc3 13.Qxc3 e5 14.dxe5 d4 15.Qb2 Bg4
16.Rfd1 Qc5 17.Rd2 a4 18.b4 Qxc4 19.Rc1 Qb3 20.Qa1 Bf5 21.Nh4 Bd7 22.Rd3 Qe6
23.Nf3 Nxe5 24.Nxe5 Qxe5 25.Qxd4 Qxd4 26.Rxd4 Bb5 27.Bxb7 Rxd4 28.Bxa8 Bxe2
29.Rxc7 g5 30.f3 Kg7 31.Kf2 Ba6 32.Rc6 Bd3 33.Rc5 Bg6 34.Rd5 Rc4 35.Rc5 Rd4
36.Rd5 Rc4 37.Rxg5 Rc3 38.Ra5 Rxa3 39.Ke1 Re3+ 40.Kd2 Rd3+ 41.Ke2 Rb3 42.Rxa4 Rb2+
43.Kd1 Rxh2 44.Ra6 Bd3 45.Rd6 Bb5 46.Kc1 h5 47.Rd4 Kh6 48.Rh4 Rf2 49.g4 Ba4
50.Rxh5+ Kg7 51.Be4 Kf6 52.b5  1-0

[Event "Hastings8990"]
[Site "Hastings"]
[Date "1989.??.??"]
[Round "?"]
[White "Nikolic, Predrag"]
[Black "Chandler, Murray G"]
[Result "1/2-1/2"]
[WhiteElo "2600"]
[BlackElo "2585"]

1.d4 f5 2.g3 Nf6 3.Bg2 e6 4.Nh3 d5 5.O-O Bd6 6.Bf4 O-O 7.c4 c6 8.Nd2 Be7
9.Nf3 Ne4 10.Ne5 g5 11.Be3 Nd7 12.Qc1 h6 13.f3 Nd6 14.c5 Nf7 15.Ng6 Re8 16.Nxe7+ Qxe7
17.Nf2 e5 18.dxe5 Qxe5 19.Bd2 Qd4 20.b4 Rxe2 21.Bc3 Qe3 22.Qxe3 Rxe3 23.Bd4 Re6
24.Nd3 Nf8 25.f4 Re2 26.Rfe1 Rxe1+ 27.Rxe1 Be6 28.a4  1/2-1/2

[Event "Hastings8990"]
[Site "Hastings"]
[Date "1989.??.??"]
[Round "?"]
[White "Adams, Michael"]
[Black "Nikolic, Predrag"]
[Result "1/2-1/2"]
[WhiteElo "2505"]
[BlackElo "2600"]

1.e4 e6 2.d4 d5 3.Nd2 c5 4.Ngf3 Nf6 5.exd5 Nxd5 6.Nb3 Nd7 7.Be2 Be7 8.O-O O-O
9.c4 N5f6 10.Bf4 b6 11.Qd2  1/2-1/2

[Event "Hastings8990"]
[Site "Hastings"]
[Date "1989.??.??"]
[Round "?"]
[White "Nikolic, Predrag"]
[Black "Dolmatov, Sergey"]
[Result "1/2-1/2"]
[WhiteElo "2600"]
[BlackElo "2615"]

1.d4 f5 2.g3 Nf6 3.Bg2 d6 4.Nf3 g6 5.O-O Bg7 6.c4 O-O 7.Nc3 c6 8.b3 Qa5 9.Bd2 Qc7
10.d5 Na6 11.Rc1 Nc5 12.Be3 Nce4 13.Nxe4 Nxe4 14.Bd4 e5 15.dxe6 Bxe6 16.Bxg7 Qxg7
17.Qd4 Qxd4 18.Nxd4 Kf7 19.Rfd1 Rad8 20.e3 a5 21.Ne2 Nc5 22.Nc3 Ke7 23.Rd4 Kd7
24.Kf1 Kc7 25.Ke1 Bg8 26.Kd1 Rfe8 27.Kc2 Ne6 28.Rd2 Nc5 29.Kb2 Re5 30.Rd4 Ne6
31.Rd2 Nc5 32.Rd4 Ne6 33.Rd2  1/2-1/2

[Event "Hastings8990"]
[Site "Hastings"]
[Date "1989.??.??"]
[Round "?"]
[White "Nikolic, Predrag"]
[Black "Gulko, Boris F"]
[Result "0-1"]
[WhiteElo "2600"]
[BlackElo "2610"]

1.d4 Nf6 2.c4 g6 3.g3 Bg7 4.Bg2 O-O 5.Nf3 d6 6.O-O Nbd7 7.Nc3 e5 8.e4 exd4
9.Nxd4 Re8 10.Re1 Ng4 11.f3 Nge5 12.b3 Nc5 13.Be3 f5 14.Qd2 fxe4 15.Bg5 Qd7
16.Nxe4 Nxe4 17.Rxe4 Nf7 18.Rxe8+ Qxe8 19.Be3 c5 20.Nc2 Bxa1 21.Nxa1 Bd7
22.Nc2 Bc6 23.Bf2 Ne5 24.Qd1 Qe6 25.Ne3 Rf8 26.f4 Bxg2 27.Kxg2 Nc6 28.Qf3 Re8
29.f5 Qe4 30.Nd5 Qxf3+ 31.Kxf3 Rf8 32.f6 Nb4 33.Nxb4 Rxf6+ 34.Ke2 cxb4 35.Bxa7 Rf8  0-1

[Event "Hastings8990"]
[Site "Hastings"]
[Date "1989.??.??"]
[Round "?"]
[White "Nikolic, Predrag"]
[Black "Spraggett, Kevin"]
[Result "1-0"]
[WhiteElo "2600"]
[BlackElo "2585"]

1.d4 Nf6 2.Nf3 g6 3.c4 Bg7 4.g3 c5 5.d5 d6 6.Bg2 O-O 7.O-O Na6 8.Nc3 Nc7
9.Re1 Rb8 10.a4 b6 11.e4 a6 12.Bf1 e5 13.dxe6 Nxe6 14.h3 Bb7 15.Bg2 Re8 16.Qd3 Qc7
17.Be3 Rbd8 18.Rad1 Qb8 19.Kh2 b5 20.b3 Nc7 21.Bf4 bxc4 22.bxc4 Qa8 23.Nd5 Ne6
24.Be3 Bc6 25.a5 Nd7 26.Rb1 Qa7 27.Red1 Kh8 28.Qd2 Bxd5 29.Qxd5 Nf6 30.Qd3 Rb8
31.Rxb8 Rxb8 32.e5 dxe5 33.Nxe5 Qc7 34.Qd6 Rc8 35.Qxc7 Rxc7 36.Rd6  1-0

[Event "Hastings8990"]
[Site "Hastings"]
[Date "1989.??.??"]
[Round "?"]
[White "Spraggett, Kevin"]
[Black "Nikolic, Predrag"]
[Result "1/2-1/2"]
[WhiteElo "2585"]
[BlackElo "2600"]

1.c4 e5 2.Nc3 Nc6 3.g3 f5 4.Bg2 Nf6 5.e3 g6 6.Nge2 Bg7 7.d4 e4 8.O-O O-O
9.f3 exf3 10.Bxf3 b6 11.Nf4 Bb7 12.b3 Re8 13.Re1 Qc8 14.Bb2 Nd8 15.Nfd5 Nxd5
16.Nxd5 c6 17.Nc3 Ne6 18.Bg2 Qd8 19.b4 Qe7 20.a3 Qf7 21.Qd3 Rad8 22.Rf1  1/2-1/2

[Event "Vidmar mem"]
[Site "Ljublana Portoroz"]
[Date "1989.??.??"]
[Round "?"]
[White "Lobron, Eric"]
[Black "Nikolic, Predrag"]
[Result "0-1"]
[WhiteElo "2555"]
[BlackElo "2605"]

1.c4 e5 2.g3 Nc6 3.Bg2 f5 4.Nc3 Nf6 5.e3 g6 6.d3 Bg7 7.Nge2 O-O 8.O-O d6
9.Bd2 Be6 10.Nd5 Bf7 11.Rc1 Nxd5 12.cxd5 Ne7 13.e4 c6 14.dxc6 Nxc6 15.exf5 gxf5
16.Qa4 Kh8 17.Rfe1 f4 18.gxf4 Qh4 19.b3 Bg6 20.Qc4 Bh6 21.Rcd1 Rac8 22.Qd5 exf4
23.Bc3+ Ne5 24.Ba1 Bg7 25.Qxd6 Rcd8 26.Qc7 Rf7 27.Bxe5 Rxc7 28.Bxc7 Rf8 29.Bd6 Rf5
30.Bxb7 f3 31.Rc1 Qh3 32.Rc8+ Rf8 33.Rxf8+ Bxf8 34.Be5+ Bg7 35.Nf4 Qg4+ 36.Kf1 Bxd3+  0-1

[Event "Vidmar mem"]
[Site "Ljublana Portoroz"]
[Date "1989.??.??"]
[Round "?"]
[White "Mohr, Georg"]
[Black "Nikolic, Predrag"]
[Result "1/2-1/2"]
[WhiteElo "2450"]
[BlackElo "2605"]

1.e4 e6 2.d4 d5 3.Nd2 c5 4.exd5 exd5 5.Bb5+ Bd7 6.Qe2+ Qe7 7.Qxe7+ Bxe7 8.Bxd7+ Nxd7
9.dxc5 Nxc5 10.Nb3 Nxb3 11.axb3 Bc5 12.Ne2 Nf6 13.Be3 Bxe3 14.fxe3 a6 15.Nc3 O-O-O
16.Ra4 Rhe8 17.Kf2 Re5 18.Rd1 Rde8 19.Rd3 Kc7 20.Rad4 Kc6 21.Rf4 R8e7 22.b4 h5
23.h3 Ne8 24.Rfd4 Rf5+ 25.Rf4 Rg5 26.Ne2 Nf6 27.Nd4+ Kb6 28.Nf3  1/2-1/2

[Event "Vidmar mem"]
[Site "Ljublana Portoroz"]
[Date "1989.??.??"]
[Round "?"]
[White "Nikolic, Predrag"]
[Black "Damljanovic, Branko"]
[Result "1-0"]
[WhiteElo "2605"]
[BlackElo "2530"]

1.d4 g6 2.g3 Bg7 3.Bg2 d6 4.Nf3 Nd7 5.O-O e5 6.e4 Ngf6 7.Re1 O-O 8.h3 Re8
9.c4 exd4 10.Nxd4 Nb6 11.Na3 a6 12.Qc2 Nfd7 13.Be3 Qf6 14.Rab1 c5 15.Nf3 Nf8
16.Bg5 Qe6 17.Rbd1 Nbd7 18.Nb1 Ne5 19.Nc3 Nxf3+ 20.Bxf3 Qxh3 21.Nd5 Ne6 22.Nf6+ Bxf6
23.Bxf6 Bd7 24.Rxd6 Bc6 25.Qd2 Ng7 26.Qf4 Ne6 27.Qe3 Ng7 28.Qxc5 Re6 29.Bc3 Rxd6
30.Qxd6 Ne8 31.Qe5 f6 32.Qe7 Rc8 33.Bg2 Qg4 34.e5  1-0

[Event "Vidmar mem"]
[Site "Ljublana Portoroz"]
[Date "1989.??.??"]
[Round "?"]
[White "Nikolic, Predrag"]
[Black "Gostisa, Leon"]
[Result "1-0"]
[WhiteElo "2605"]
[BlackElo "2420"]

1.d4 Nf6 2.c4 e6 3.Nf3 Bb4+ 4.Nbd2 O-O 5.a3 Bxd2+ 6.Bxd2 Ne4 7.Be3 d6 8.g3 Nd7
9.Bg2 f5 10.O-O Qe7 11.Nd2 Ndf6 12.Nxe4 Nxe4 13.Qc2 d5 14.Bf4 Rf7 15.b4 h6
16.c5 Qe8 17.a4 a6 18.Rfb1 Bd7 19.f3 Nf6 20.Ra2 c6 21.Be5 a5 22.bxa5 Bc8
23.Qc3 Nd7 24.Bf4 Re7 25.Bd6 Rf7 26.e4 fxe4 27.fxe4 dxe4 28.Bxe4 Qd8 29.a6 Rxa6
30.a5 Kh8 31.Bg6 Rf6 32.Bd3 Ra7 33.Qe1 Rf3 34.Qe4 Rf5 35.a6 Qf6 36.Rf2 Qf7
37.axb7 Rxb7 38.Rbf1  1-0

[Event "Vidmar mem"]
[Site "Ljublana Portoroz"]
[Date "1989.??.??"]
[Round "?"]
[White "Nikolic, Predrag"]
[Black "Grosar, Aljosa"]
[Result "1-0"]
[WhiteElo "2605"]
[BlackElo "2365"]

1.d4 Nf6 2.Nf3 e6 3.c4 Bb4+ 4.Bd2 c5 5.Bxb4 cxb4 6.g3 O-O 7.Bg2 d6 8.O-O Re8
9.Qd3 Qc7 10.e4 e5 11.h3 Nc6 12.Nbd2 a5 13.Rac1 b6 14.Rfd1 Bb7 15.d5 Nb8
16.Nh4 Na6 17.Qe3 Bc8 18.Re1 Nc5 19.Nb3 Nxb3 20.axb3 Nd7 21.f4 f6 22.Kh2 Nc5
23.f5 a4 24.bxa4 Rxa4 25.Bf1 Bd7 26.Nf3 Rea8 27.g4 Ra2 28.Rc2 h6 29.h4 R8a3
30.Qf2 Ra8 31.g5 Be8 32.Qg3 Kh7 33.Qg4 h5 34.g6+ Kh6 35.Qg5+  1-0

[Event "Vidmar mem"]
[Site "Ljublana Portoroz"]
[Date "1989.??.??"]
[Round "?"]
[White "Nikolic, Predrag"]
[Black "Podlesnik, Bogdan"]
[Result "1-0"]
[WhiteElo "2605"]
[BlackElo "2415"]

1.d4 Nf6 2.Nf3 e6 3.c4 b6 4.g3 Ba6 5.b3 d5 6.cxd5 exd5 7.Bg2 Bb4+ 8.Bd2 Bxd2+
9.Nbxd2 O-O 10.O-O c5 11.Re1 Re8 12.dxc5 bxc5 13.e4 dxe4 14.Nxe4 Nxe4 15.Rxe4 Nc6
16.Rxe8+ Qxe8 17.Qd6 Nb4 18.Rd1 Be2 19.Rd2 Bxf3 20.Bxf3 Rb8 21.a3 Na6 22.Re2 Qb5
23.Re7 Qb6 24.Qxb6 axb6 25.Ra7  1-0

[Event "Vidmar mem"]
[Site "Ljublana Portoroz"]
[Date "1989.??.??"]
[Round "?"]
[White "Todorcevic, Miodrag"]
[Black "Nikolic, Predrag"]
[Result "1/2-1/2"]
[WhiteElo "2535"]
[BlackElo "2605"]

1.e4 e5 2.Nf3 Nc6 3.Bb5 a6 4.Ba4 Nf6 5.O-O Be7 6.Re1 b5 7.Bb3 O-O 8.c3 d6
9.h3 Re8 10.d4 Bb7 11.Ng5 Rf8 12.Nf3 Re8 13.Ng5 Rf8  1/2-1/2

[Event "Vidmar mem"]
[Site "Ljublana Portoroz"]
[Date "1989.??.??"]
[Round "?"]
[White "Bischoff, Klaus"]
[Black "Nikolic, Predrag"]
[Result "1/2-1/2"]
[WhiteElo "2505"]
[BlackElo "2605"]

1.c4 e5 2.Nc3 Nc6 3.g3 g6 4.Bg2 Bg7 5.e4 a6 6.Nge2 Rb8 7.d3 b5 8.b3 d6 9.O-O Nge7
10.Nd5 O-O 11.Be3 Nd4 12.Nxd4 exd4 13.Bg5 f6 14.Bd2 c5  1/2-1/2

[Event "Vidmar mem"]
[Site "Ljublana Portoroz"]
[Date "1989.??.??"]
[Round "?"]
[White "Kovacevic, Vlatko"]
[Black "Nikolic, Predrag"]
[Result "1-0"]
[WhiteElo "2545"]
[BlackElo "2605"]

1.d4 d5 2.Nf3 Nf6 3.g3 g6 4.Bg2 Bg7 5.O-O O-O 6.Nbd2 c6 7.c3 Qc7 8.Re1 c5
9.dxc5 Rd8 10.Qa4 Qxc5 11.Nb3 Qc6 12.Qh4 Qe8 13.Bh6 Nc6 14.Rad1 b6 15.Bxg7 Kxg7
16.Nbd4 Bb7 17.Nxc6 Qxc6 18.Ne5 Qc7 19.Qf4 Rd6 20.h4 Rf8 21.Rd4 Nh5 22.Qd2 f6
23.Ng4 Rfd8 24.Qh6+ Kg8 25.Red1 e5 26.R4d2 R8d7 27.Ne3 d4 28.Bxb7 Qxb7 29.cxd4 Rxd4
30.Rxd4 exd4 31.Nc2 Qa6 32.Nxd4 Qxa2 33.Rc1 Qa6 34.Qe3 Ng7 35.Qb3+ Kf8 36.Rc6 Ne8
37.Ne6+ Ke7 38.Qe3 Kf7 39.Qb3 Ke7 40.Nf4 Qa1+ 41.Kg2 Qd1 42.Qg8  1-0

[Event "Lugano op"]
[Site "Lugano"]
[Date "1989.??.??"]
[Round "1"]
[White "Glauser, Hansruedi"]
[Black "Nikolic, Predrag"]
[Result "1/2-1/2"]
[WhiteElo "2330"]
[BlackElo "2375"]

1.e4 e5 2.Nf3 Nc6 3.Bb5 a6 4.Ba4 Nf6 5.O-O Be7 6.Re1 b5 7.Bb3 O-O 8.a4 Bb7
9.d3 Re8 10.Nc3 b4 11.Nd5 Na5 12.Ba2 Nxd5 13.exd5 Bf6 14.Bd2 c5 15.c3 Rb8
16.cxb4 cxb4 17.Re4 b3 18.Bxa5 Qxa5 19.Qxb3 Ba8 20.Qa3 Be7 21.Qc3 Bb4 22.Qb3 Bd6
23.Qc3 Bb4 24.Qb3 Bd6 25.Qc3  1/2-1/2

[Event "Lugano op"]
[Site "Lugano"]
[Date "1989.??.??"]
[Round "3"]
[White "Wiedenkeller, Michael"]
[Black "Nikolic, Predrag"]
[Result "1/2-1/2"]
[WhiteElo "2430"]
[BlackElo "2605"]

1.d4 Nf6 2.c4 e6 3.Nc3 d5 4.Bg5 Be7 5.e3 h6 6.Bxf6 Bxf6 7.Nf3 O-O 8.Qc2 Na6
9.Rd1 c6 10.a3 Qa5 11.Be2 dxc4 12.Bxc4 b5 13.Be2 b4 14.axb4 Nxb4 15.Qa4 Qb6
16.Ne4 Be7 17.O-O a5 18.Rc1 Ba6 19.Bxa6 Qxa6 20.Ne5 Qb5 21.b3 Qxa4 22.bxa4 Rfc8
23.Rc4 f6 24.Ng6 Kf7 25.Nxe7 Kxe7 26.Rb1 Rab8 27.Kf1 f5 28.Nd2 Nd5 29.Rxb8 Rxb8
30.Rxc6 Rb4 31.Rc5 Rxa4 32.Nb3 f4 33.e4 Ra3 34.exd5 Rxb3 35.Rxa5 exd5 36.Rxd5 f3
37.gxf3 Rxf3 38.Kg2 Rd3 39.f3 Ke6 40.Re5+ Kd6 41.Re4 Kd5 42.Re7 g5 43.Rd7+ Ke6
44.Rd8 Ke7 45.Rh8 Rxd4 46.Rxh6 g4  1/2-1/2

[Event "Lugano op"]
[Site "Lugano"]
[Date "1989.??.??"]
[Round "4"]
[White "Nikolic, Predrag"]
[Black "Blauert, Joerg"]
[Result "1-0"]
[WhiteElo "2605"]
[BlackElo "2275"]

1.d4 Nf6 2.c4 e6 3.Nf3 d5 4.Nc3 c6 5.Bg5 dxc4 6.e4 b5 7.e5 h6 8.Bh4 g5 9.Nxg5 hxg5
10.Bxg5 Nbd7 11.exf6 Bb7 12.h4 Qb6 13.a4 Bb4 14.Qg4 O-O-O 15.Be2 c5 16.a5 Bxa5
17.dxc5 Nxc5 18.O-O Nb3 19.Nxb5 Qxb5 20.Bxc4 Qc6 21.Bxb3 Rd4 22.Qh3 Bc7 23.Rac1 Qd6
24.Rfd1 Kb8 25.Rxd4 Qxd4 26.Qe3 Qg4 27.f3 Qb4 28.Qc3 Qd6 29.f4 Bb6+ 30.Kh2 Rc8
31.Qe5 Qxe5 32.Rxc8+ Kxc8 33.fxe5 Be4 34.Bd2  1-0

[Event "Lugano op"]
[Site "Lugano"]
[Date "1989.??.??"]
[Round "5"]
[White "Gavrikov, Viktor"]
[Black "Nikolic, Predrag"]
[Result "1/2-1/2"]
[WhiteElo "2535"]
[BlackElo "2605"]

1.e4 e5 2.Nf3 Nc6 3.Bb5 a6 4.Ba4 Nf6 5.O-O Be7 6.Bxc6 dxc6 7.d3 Qd6 8.b3 Be6
9.Bb2 Nd7 10.Qe2 c5  1/2-1/2

[Event "Lugano op"]
[Site "Lugano"]
[Date "1989.??.??"]
[Round "7"]
[White "Gheorghiu, Florin"]
[Black "Nikolic, Predrag"]
[Result "1/2-1/2"]
[WhiteElo "2515"]
[BlackElo "2605"]

1.d4 Nf6 2.c4 e6 3.Nf3 b6 4.g3 Bb7 5.Bg2 Be7 6.O-O O-O 7.b3 d5 8.cxd5 exd5
9.Bb2 Ne4 10.Nc3 Nd7 11.Rc1 Re8 12.Rc2 a6  1/2-1/2

[Event "Lugano op"]
[Site "Lugano"]
[Date "1989.??.??"]
[Round "8"]
[White "Nikolic, Predrag"]
[Black "De Firmian, Nick E"]
[Result "1/2-1/2"]
[WhiteElo "2605"]
[BlackElo "2570"]

1.d4 Nf6 2.c4 e6 3.Nc3 Bb4 4.Qc2 c5 5.dxc5 O-O 6.e3 Bxc5 7.Nf3 d5 8.a3 Be7
9.Be2 dxc4 10.Bxc4 a6 11.Bd3 b5 12.e4 Nbd7 13.e5 Nc5 14.Be2 Nd5 15.Nxd5 Qxd5
16.Bg5 Bxg5 17.Nxg5 g6 18.Nf3 Bb7 19.Rd1 Qc6 20.O-O Rfd8 21.Rxd8+ Rxd8 22.Rc1 Rc8
23.Qd2 Qb6 24.Ng5 Qc6 25.Bf1 Qd7 26.Qf4 h6 27.Nh3 Kg7 28.Re1 Qe7 29.Qb4 Rc7
30.Nf4 Na4 31.Qd2 Rd7 32.Qc2 Rc7 33.Qe2 Nb6 34.Nd3 Nd5 35.Qd2 Qg5 36.Qxg5 hxg5
37.Rc1 Rxc1 38.Nxc1 b4 39.Nb3 bxa3 40.bxa3 Bc8 41.Nc5 a5 42.f3 f6 43.Ne4 fxe5
44.Nxg5 Nc3 45.Bd3 Kf6 46.h4 Bb7 47.Kf2 Bc6 48.g3 Nb5 49.Bxb5 Bxb5 50.Ke3 Bc6
51.Ne4+ Ke7 52.g4 Bd5 53.Nf2 Kd6 54.h5 gxh5 55.gxh5 Ke7 56.Ng4 Bb3 57.Nxe5 Kf6
58.Kf4 Bd1 59.Ng4+ Kg7 60.Kg3 Be2 61.f4 Bd1 62.Kh4 a4 63.Kg5 Bc2 64.Nf6 Kf7
65.Nd7 Ke7 66.Ne5 Bb1 67.Nc4 Kf7 68.h6 Bh7 69.Ne5+ Ke7 70.Kg4 Bb1 71.Kh5 Kf6
72.Nd7+ Kf7 73.Kg5 Bh7 74.Ne5+ Ke7 75.Kg4 Bc2 76.Kf3 Kf8 77.Ke3 Kg8 78.Nf3 Kh7
79.Nd4 Bg6 80.Nxe6 Kxh6 81.Nc5 Be8 82.Kd4 Kg6 83.Ke5 Kf7 84.f5 Bb5 85.Ne4 Bd3
86.Nd6+ Ke7 87.f6+ Kf8 88.Ke6 Bc2 89.f7 Bb3+ 90.Kf6 Ba2  1/2-1/2

[Event "Lugano op"]
[Site "Lugano"]
[Date "1989.??.??"]
[Round "9"]
[White "Miles, Anthony J"]
[Black "Nikolic, Predrag"]
[Result "1-0"]
[WhiteElo "2520"]
[BlackElo "2605"]

1.d4 Nf6 2.Nf3 e6 3.c4 Bb4+ 4.Nbd2 O-O 5.a3 Be7 6.e4 d5 7.Qc2 c5 8.dxc5 a5
9.cxd5 exd5 10.Bd3 h6 11.Rb1 a4 12.O-O Nc6 13.h3 Be6 14.Re1 dxe4 15.Nxe4 Ba2
16.Ra1 Bb3 17.Qe2 Re8 18.Bd2 Bd5 19.Bc3 Nxe4 20.Bxe4 Bxc5 21.Qc2 Bb3 22.Bh7+ Kh8
23.Rxe8+ Qxe8 24.Qf5 Qf8 25.Re1 Rd8 26.Qb1 Qd6 27.Be4 Qg3 28.Nd4 Qh4 29.g3 Qxh3
30.Bf5 Qh5 31.Nxb3 axb3 32.Qe4 Kg8 33.Kg2 Ne7 34.Bh7+ Kh8 35.Rh1 Qd5 36.Rxh6 Bd4
37.Bxd4 Qxd4 38.Rh5 Ng8 39.Qxd4 Rxd4 40.Bg6+ Nh6 41.Bxf7 Rd2 42.Rd5  1-0

[Event "World Cup"]
[Site "Skelleftea"]
[Date "1989.??.??"]
[Round "?"]
[White "Tal, Mihail"]
[Black "Nikolic, Predrag"]
[Result "1/2-1/2"]
[WhiteElo "2585"]
[BlackElo "2600"]

1.e4 e5 2.Nf3 Nc6 3.Bb5 a6 4.Ba4 Nf6 5.O-O Be7 6.Re1 b5 7.Bb3 O-O 8.c3 d5
9.exd5 Nxd5 10.Nxe5 Nxe5 11.Rxe5 c6 12.Bxd5 cxd5 13.d4 Bd6 14.Re3 Qh4 15.h3 Qf4
16.Re5 Qf6 17.Re3 Qf4 18.Re5 Qf6 19.Re3  1/2-1/2

[Event "Munich"]
[Site "Munich"]
[Date "1990.??.??"]
[Round "?"]
[White "Nikolic, Predrag"]
[Black "Bischoff, Klaus"]
[Result "1-0"]
[WhiteElo "2600"]
[BlackElo "2505"]

1.d4 Nf6 2.c4 g6 3.g3 Bg7 4.Bg2 O-O 5.Nc3 d6 6.Nf3 Nbd7 7.O-O e5 8.h3 exd4
9.Nxd4 Re8 10.b3 Nc5 11.Bb2 Bd7 12.Qc2 Qc8 13.h4 Bh3 14.Rad1 Bxg2 15.Kxg2 c6
16.Nf3 Qc7 17.b4 Ncd7 18.a3 Nb6 19.Nb1 Qe7 20.Rfe1 d5 21.cxd5 cxd5 22.Bd4 Nfd7
23.Nc3 Rac8 24.Qb3 Bxd4 25.Rxd4 Nf6 26.Red1 Rc4 27.Nxd5 Nfxd5 28.Rxd5 Re4
29.R5d2 Rxe2 30.Rxe2 Qxe2 31.Re1 Qb5 32.Ng5 Qd7 33.Rxe8+ Qxe8 34.Qf3 Qc6
35.Qxc6 bxc6 36.Kf3 h6 37.Ne4 Kf8 38.Ke3 Nc4+ 39.Kd4 Nxa3 40.Kc5 Nc2 41.Nd6 Ke7
42.Nc8+ Kd7 43.Nxa7 Ne1 44.Nxc6 Nd3+ 45.Kd4 Nxf2 46.Ne5+ Ke6 47.b5 h5 48.Nxf7 Kd7
49.Ke3 Ng4+ 50.Kf4  1-0

[Event "Munich"]
[Site "Munich"]
[Date "1990.??.??"]
[Round "?"]
[White "Nikolic, Predrag"]
[Black "Gulko, Boris F"]
[Result "1/2-1/2"]
[WhiteElo "2600"]
[BlackElo "2610"]

1.d4 Nf6 2.c4 g6 3.g3 c6 4.Bg2 d5 5.cxd5 cxd5 6.Nc3 Bg7 7.Nh3 Nc6 8.Nf4 e6
9.O-O O-O 10.e3 b6 11.Bd2 Bb7 12.Qa4 Qd7 13.Rfc1 Rfc8 14.Be1 Bf8 15.Qd1 Na5
16.Nd3 Nc4 17.b3 Nd6 18.a4 a5 19.f3 Rc7 20.Bf1 Rac8 21.Ne5 Qd8 22.Nb5 Rxc1
23.Rxc1 Nfe8 24.g4 f6 25.Nxd6 Bxd6  1/2-1/2

[Event "Munich"]
[Site "Munich"]
[Date "1990.??.??"]
[Round "?"]
[White "Kindermann, Stefan"]
[Black "Nikolic, Predrag"]
[Result "1-0"]
[WhiteElo "2560"]
[BlackElo "2600"]

1.e4 e5 2.Nf3 Nc6 3.Bb5 a6 4.Ba4 Nf6 5.O-O b5 6.Bb3 Bb7 7.c3 Nxe4 8.d4 Be7
9.Qe2 d5 10.dxe5 Na5 11.Bc2 c5 12.Nbd2 Nxd2 13.Bxd2 Nc4 14.Bf4 O-O 15.b3 Nb6
16.e6 Bc8 17.exf7+ Rxf7 18.Ne5 Rxf4 19.Nc6 Qd6 20.Nxe7+ Kf8 21.Rae1 Bg4 22.f3 Bh5
23.Nf5 Qc7 24.g3 Re8 25.Qd2 Rxe1 26.Rxe1 Rxf3 27.Qg5 Bg6 28.Nxg7 Kxg7 29.Re7+ Qxe7
30.Qxe7+ Rf7 31.Qe5+ Rf6 32.Bxg6 Kxg6 33.Qe8+  1-0

[Event "Munich"]
[Site "Munich"]
[Date "1990.??.??"]
[Round "?"]
[White "Nikolic, Predrag"]
[Black "Boensch, Uwe"]
[Result "1/2-1/2"]
[WhiteElo "2600"]
[BlackElo "2530"]

1.Nf3 Nf6 2.c4 e6 3.g3 d5 4.Bg2 Be7 5.O-O O-O 6.d4 dxc4 7.Qc2 a6 8.a4 Bd7
9.Qxc4 Bc6 10.Bg5 Bd5 11.Qd3 c5 12.Nc3 Bc6 13.Bxf6 Bxf6 14.dxc5 Nd7 15.Qc4 Qe7
16.b4 a5 17.Nd4 Bxg2 18.Kxg2 axb4 19.Ne4 Rfc8 20.a5 Bxd4 21.Qxd4 Nxc5 22.Qxb4 Rc7
23.Nd2 Na6 24.Qxe7 Rxe7 25.Ne4 f5 26.Ng5 h6 27.Nf3 Nb4 28.Ne5 Nc6 29.Nc4 Rd8
30.Rfc1 Rd5 31.a6 bxa6 32.Ne3 Ra5 33.Rxa5 Nxa5 34.Ra1 Nc6 35.Rxa6 Nd4 36.Ra2 Rc7
37.Rd2 Nb5  1/2-1/2

[Event "Munich"]
[Site "Munich"]
[Date "1990.??.??"]
[Round "?"]
[White "Nikolic, Predrag"]
[Black "Hickl, Joerg"]
[Result "1-0"]
[WhiteElo "2600"]
[BlackElo "2500"]

1.d4 Nf6 2.Nf3 g6 3.g3 Bg7 4.Bg2 O-O 5.c4 c6 6.O-O d5 7.Na3 Bf5 8.Bf4 Be4
9.Qd2 Nbd7 10.Rac1 Re8 11.Rfd1 Nb6 12.b3 a5 13.Qb2 Nh5 14.Be3 e6 15.Nb1 f5
16.Nbd2 Bxf3 17.Nxf3 Rf8 18.Qd2 Qe7 19.Ne5 Nd7 20.Nd3 Nhf6 21.f3 a4 22.Qc2 axb3
23.Qxb3 Ra7 24.a4 Rfa8 25.Nb2 Kh8 26.Bf2 Qf8 27.Rb1 Ra6 28.Bf1 R6a7 29.Rd3 Qd8
30.Qc2 Nb6 31.Rb3 h6 32.cxd5 cxd5 33.Nd3 Nbd7 34.Rxb7 Rxa4 35.Nf4 Qe8 36.h4 g5
37.hxg5 hxg5 38.Nh3 g4 39.Nf4 Bh6 40.Qc7 Bf8 41.Nd3 Rc8 42.Qf4 Bg7 43.Qe3 Ra3
44.Qg5 Rac3 45.Nc5 gxf3 46.exf3 Nh7 47.Qh4 Nf8 48.Re7 Qg6 49.Rbb7 Bh6 50.Nd3 Qg5
51.Qh3 Rxd3 52.Bxd3 Qd2 53.Bxf5 Nf6 54.f4  1-0

[Event "Munich"]
[Site "Munich"]
[Date "1990.??.??"]
[Round "?"]
[White "Nikolic, Predrag"]
[Black "Jussupow, Artur"]
[Result "1/2-1/2"]
[WhiteElo "2600"]
[BlackElo "2615"]

1.d4 Nf6 2.c4 e6 3.Nf3 d5 4.Nc3 Be7 5.Bg5 h6 6.Bh4 O-O 7.e3 Ne4 8.Bxe7 Qxe7
9.Rc1 c6 10.Bd3 Nxc3 11.Rxc3 dxc4 12.Bxc4 Nd7 13.O-O b6 14.Bd3 c5 15.Bb1 Bb7
16.Qc2 g6 17.Qe2 Rac8 18.Rfc1 Rfd8 19.h3 e5 20.dxc5 Rxc5 21.Rxc5 Nxc5 22.b4 Bxf3  1/2-1/2

[Event "Munich"]
[Site "Munich"]
[Date "1990.??.??"]
[Round "?"]
[White "Nikolic, Predrag"]
[Black "Ribli, Zoltan"]
[Result "1/2-1/2"]
[WhiteElo "2600"]
[BlackElo "2605"]

1.d4 Nf6 2.c4 e6 3.Nf3 b6 4.g3 Ba6 5.b3 Bb4+ 6.Bd2 Be7 7.Bg2 c6 8.O-O d5
9.Bc3 Nbd7 10.Nbd2 O-O 11.Re1 c5 12.e4 dxe4 13.Ng5 cxd4 14.Bxd4 Qc7  1/2-1/2

[Event "Munich"]
[Site "Munich"]
[Date "1990.??.??"]
[Round "?"]
[White "Van der Sterren, Paul"]
[Black "Nikolic, Predrag"]
[Result "1/2-1/2"]
[WhiteElo "2515"]
[BlackElo "2600"]

1.d4 d5 2.c4 c6 3.Nf3 Nf6 4.Nc3 dxc4 5.a4 Bg4 6.Ne5 Bh5 7.f3 Nfd7 8.Nxc4 e5
9.Ne4 Bb4+ 10.Bd2 Qh4+ 11.g3 Qe7 12.Bxb4 Qxb4+ 13.Qd2 Qxd2+ 14.Kxd2 exd4
15.Ned6+ Ke7 16.Nxb7 Na6 17.Bg2  1/2-1/2

[Event "Munich"]
[Site "Munich"]
[Date "1990.??.??"]
[Round "?"]
[White "Huebner, Robert"]
[Black "Nikolic, Predrag"]
[Result "1/2-1/2"]
[WhiteElo "2595"]
[BlackElo "2600"]

1.e4 e6 2.d4 d5 3.Nc3 Bb4 4.e5 c5 5.a3 Bxc3+ 6.bxc3 Ne7 7.Qg4 Kf8 8.h4 Qa5
9.Bd2 Qa4 10.h5 Qxc2 11.h6 gxh6 12.Qh3 Ke8 13.Qxh6 Nbc6  1/2-1/2

[Event "Munich"]
[Site "Munich"]
[Date "1990.??.??"]
[Round "?"]
[White "Beliavsky, Alexander G"]
[Black "Nikolic, Predrag"]
[Result "1/2-1/2"]
[WhiteElo "2640"]
[BlackElo "2600"]

1.d4 Nf6 2.c4 e6 3.Nf3 b6 4.g3 Bb4+ 5.Bd2 Bxd2+ 6.Qxd2 Ba6 7.b3 c6 8.Qb2 d5
9.Nbd2 O-O 10.Bg2 Qe7 11.O-O Nbd7 12.Rfe1 Bb7 13.Ne5 Rfd8 14.Nd3 a5 15.Rac1 Rac8
16.e4 dxe4 17.Nxe4 Nxe4 18.Bxe4 Nf6 19.c5 Qd7 20.Ne5 Qxd4 21.Qxd4 Rxd4 22.Bxc6 Bxc6
23.Nxc6 Rxc6 24.cxb6 Rxc1 25.Rxc1 Rd8 26.b7 Rf8 27.Rc7 g6 28.g4 h6 29.h4 Kg7
30.g5 hxg5 31.hxg5 Rb8 32.gxf6+ Kxf6 33.Kf1 e5 34.Ke2 Ke6 35.Kd3 f5 36.Kc4 Kd6
37.Rg7 Kc6 38.Rxg6+ Kxb7 39.Rf6 Rc8+ 40.Kb5 Rc2  1/2-1/2

[Event "Novi Sad ol (Men)"]
[Site "Novi Sad"]
[Date "1990.??.??"]
[Round "1"]
[White "Nikolic, Predrag"]
[Black "Mortensen, Erling"]
[Result "1-0"]
[WhiteElo "2600"]
[BlackElo "2485"]

1.d4 Nf6 2.c4 g6 3.Nf3 Bg7 4.g3 O-O 5.Bg2 c6 6.b3 d5 7.Bb2 Ne4 8.O-O Be6
9.Ne5 Nd7 10.Nd3 f5 11.f3 Nd6 12.c5 Nb5 13.a4 Nc7 14.b4 g5 15.Na3 f4 16.e3 fxe3
17.Nc2 a5 18.bxa5 Bf5 19.Nxe3 Bxd3 20.Qxd3 Nxc5 21.Qc2 N5e6 22.Nf5 Rxa5 23.Rfe1 Bf6
24.Bh3 Kh8 25.Re2 Ng7 26.Nxg7 Bxg7 27.Qd2 Ne8 28.Qxg5 Rxf3 29.Rxe7 Rf7 30.Rae1 Rxe7
31.Rxe7 h6 32.Qe3 Nd6 33.Qe6 Ra8 34.Bc1 Ne4 35.Rxg7 Kxg7 36.Qxh6+ Kf7 37.Qh7+ Ke8
38.Qg8+ Ke7 39.Qe6+  1-0

[Event "Novi Sad ol (Men)"]
[Site "Novi Sad"]
[Date "1990.??.??"]
[Round "2"]
[White "Chan Peng Kong"]
[Black "Nikolic, Predrag"]
[Result "0-1"]
[WhiteElo "2285"]
[BlackElo "2600"]

1.e4 d6 2.d4 Nf6 3.Nc3 g6 4.g3 Bg7 5.Bg2 O-O 6.Nge2 c6 7.O-O e5 8.h3 b5 9.a3 Bb7
10.Be3 Nbd7 11.f4 Re8 12.dxe5 dxe5 13.f5 Nb6 14.b3 Qxd1 15.Raxd1 Red8 16.g4 Rxd1
17.Rxd1 Bf8 18.Nb1 h6 19.Kf2 Kg7 20.Bf3 Be7 21.h4 gxf5 22.gxf5 Rd8 23.Rxd8 Bxd8
24.Bc1 Nbd7 25.Bb2 Ne8 26.Kg3 Nd6 27.Nd2 c5 28.Nc1 Ba5 29.c3 c4 30.bxc4 bxc4
31.a4 Nf6 32.Ne2 Ndxe4+ 33.Kg2 Bd5 34.Nxe4 Bxe4 35.Ng3 Bd3 36.Kf2 e4 37.Bg2 Bc7
38.Nf1 Ng4+ 39.Ke1 Bd8 40.h5 Bh4+  0-1